LIBRARY & INFORMATION CENTRE, KCAET, TAVANUR

ONLINE PUBLIC ACCESS CATALOGUE (OPAC)

Waste Water Treatment Plants :Planing Designing and Operation / (Record no. 6756)

MARC details
000 -LEADER
fixed length control field 00335cam a2200121ua 4500
082 ## - DEWEY DECIMAL CLASSIFICATION NUMBER
Classification number 628.3
Item number QAS/WA
100 ## - MAIN ENTRY--AUTHOR NAME
Personal name Quasim, Syed R .
245 ## - TITLE STATEMENT
Title Waste Water Treatment Plants :Planing Designing and Operation /
250 ## - EDITION STATEMENT
Edition statement 1 /
260 ## - PUBLICATION, DISTRIBUTION, ETC. (IMPRINT)
Place of publication New York :
Name of publisher Holt, Rinchest and Winston ,
Year of publication 1985.
300 ## - PHYSICAL DESCRIPTION
Number of Pages 726 ; .
942 ## - ADDED ENTRY ELEMENTS (KOHA)
Koha item type Reference
Holdings
Withdrawn status Lost status Damaged status Collection code Home library Current library Shelving location Date acquired Full call number Accession Number Koha item type
      Reference KAUAET KAUAET Reference 07/04/2012 628.3.QAS/WA 17864 Reference
free website counter